U.S. Suburbs in Different States from their Cities - Statistics

General Stats
  • This quiz has been taken 34 times
  • The average score is 20 of 28
Answer Stats
Suburb Metropolitan Area State % Correct
Gary, IN Chicago IL
97%
Overland Park, KS Kansas City MO
97%
Newark, NJ New York NY
97%
Southaven, MS Memphis TN
94%
Council Bluffs, IA Omaha NE
94%
Camden, NJ Philadelphia PA
94%
Collinsville, IL St. Louis MO
94%
Salem, NH Boston MA
91%
Rock Hill, SC Charlotte NC
91%
Sunland Park, NM El Paso TX
91%
Covington, KY Cincinnati OH
88%
Jeffersonville, IN Louisville KY
85%
Vancouver, WA Portland OR
85%
Hudson, WI Minneapolis MN
79%
State Line, ID Spokane WA
76%
Attleboro, MA Providence RI
73%
Superior, WI Duluth MN
64%
Moorhead, MN Fargo ND
64%
Moline, IL Davenport IA
61%
Phenix City, AL Columbus GA
58%
Clearwater, SC Augusta GA
55%
Lakeview, GA Chattanooga TN
55%
South _____ ____, NE Sioux City IA
55%
_________, AR Texarkana TX
52%
East _____ _____, MN Grand Forks ND
39%
Martins Ferry, OH Wheeling WV
36%
La Crescent, MN La Crosse WI
30%
Wathena, KS St. Joseph MO
27%
No matching quizzes found
Score Distribution
Percent of People with Each Score
Percentile by Number Answered
Your Score History
You have not taken this quiz